Państwa położone najbliżej Mauretanii - Statystyki

Ogólne statystyki
  • Ten quiz został rozwiązany 206 razy
  • Średni wynik to 17 z 20
Statystyki odpowiedzi
km Państwo % Poprawnych
39 Maroko
99%
0 Mali
98%
0 Algieria
97%
618 Niger
95%
0 Senegal
93%
1 042 Nigeria
92%
258 Gwinea
90%
755 Togo
89%
275 Burkina Faso
87%
855 Benin
86%
222 Gambia
86%
280 Gwinea Bissau
86%
625 Wybrzeże Kości Słoniowej
86%
575 Ghana
84%
528 Sierra Leone
83%
726 Liberia
81%
323 Hiszpania
73%
658 Republika Zielonego Przylądka
70%
0 Sahara Zachodnia
60%
1 024 Wielka Brytania
36%
Nie znaleziono quizów pasujących do podanych kryteriów
Rozkład punktacji
Procent ludzi z każdym wynikiem
Percentyl według liczby udzielonych odpowiedzi
Twoja historia wyników
Nie rozwiązałeś tego quizu